000 00945nam a2200277 a 4500
001 BRCA_3294
005 20190320204216.0
008 270309s2004----sp-a---###---#000-0#spa-#
020 _a8497851234
041 _aspa
044 _asp
050 4 _aF1211
_b.R56 2004
100 1 _aRíos Szalay, Adalberto
_98728
245 1 0 _aMéxico
_bvisto y andado
_cfotografía Adalberto Ríos Szalay ; textos Jorge Alberto Lozoya ... [et al.].
260 _aEspaña
_bLunwerg
_c2004
300 _a318 p.
_bil. a color
_c37 cm.
500 _aIncluye índice de fotografías
500 _aEdición especial para la Fundación Centro Cultural del México Contemporáneo
546 _aTexto en español e inglés
651 4 _aMéxico
_xHistoria
_9614
651 4 _aMéxico
_xDescripción y viajes
_9103
651 4 _aMéxico
_xTrabajos Ilustrados
_95385
651 4 _aMéxico
_xFotografía
_98729
700 1 _aLozoya, Jorge Alberto
_98730
942 _2lcc
_cB
999 _c3030
_d3030